书目信息 |
| 题名: |
Windows CE 6.0嵌入式高级编程
|
|
| 作者: | 冯 著 ;张冬松 , 陈芳国 译 | |
| 分册: | ||
| 出版信息: | 北京 清华大学出版社 2009.11 |
|
| 页数: | 381页 | |
| 开本: | 26cm | |
| 丛书名: | 移动与嵌入式开发技术 | |
| 单 册: | ||
| 中图分类: | TP316.7 | |
| 科图分类: | ||
| 主题词: | 窗口软件--chuang kou ruan jian--程序设计--教材 | |
| 电子资源: | ||
| ISBN: | 978-7-302-21157-0 | |
| 000 | 01579nam0 2200313 450 | |
| 001 | 000000001016 | |
| 005 | 2020101130102016.0 | |
| 010 | @a978-7-302-21157-0@dCNY50.00 | |
| 100 | @a20101129d2009 em y0chiy50 ea | |
| 101 | 1 | @achi@ceng |
| 102 | @aCN@b110000 | |
| 105 | @aa z 000yy | |
| 200 | 1 | @aWindows CE 6.0嵌入式高级编程@Awindows ce 6.0 qian ru shi gao ji bian cheng@d= Professional Windows Embedded CE 6.0@f(美) Samuel Phung著@g张冬松, 陈芳国译@zeng |
| 210 | @a北京@c清华大学出版社@d2009.11 | |
| 215 | @a381页@c图@d26cm | |
| 225 | 2 | @a移动与嵌入式开发技术@Ayi dong yu qian ru shi kai fa ji shu |
| 306 | @a本书中文简体字版由Wiley Publishing,Inc.授权清华大学出版社。 | |
| 314 | @aSamuel Phung在计算机硬件领域和软件领域有20多年的工作经验,目前供职于ICOP技术公司,负责北美地区的企业发展战略。 | |
| 330 | @a本书全面深入地介绍了Windows Embedded CE 6.0开发环境,通过一系列的示例练习揭示了CE 6.0概述和开发工具、可用资源,以及调试和调试工具。程序开发部分介绍了CE 6.0的原生代码应程序.C#应用程序、VB应用程序、自启动应用程序,以及定制UI。项目开发部分主要介绍了瘦客户端应用程序、家庭自动化控制应用、RFID安全访问、机器人应用,Windows网络投影仪,以及CE 6.0设备的构建和部署过程。 | |
| 410 | 0 | @12001 @a移动与嵌入式开发技术 |
| 500 | 10 | @aProfessional Windows Embedded CE 6.0@mChinese |
| 606 | 0 | @a窗口软件@Achuang kou ruan jian@x程序设计@x教材 |
| 610 | 0 | @aWindows CE |
| 690 | @aTP316.7@v4 | |
| 701 | 1 | @a冯@Afeng@c(Phung,S.)@4著 |
| 702 | 0 | @a张冬松@Azhang dong song@4译 |
| 702 | 0 | @a陈芳国@Achen fang guo@4译 |
| 801 | 0 | @aCN@c20101129 |
| 905 | @dTP316.7@eF430 | |
| Windows CE 6.0嵌入式高级编程= Professional Windows Embedded CE 6.0/(美) Samuel Phung著/张冬松, 陈芳国译.-北京:清华大学出版社,2009.11 |
| 381页:图;26cm.-(移动与嵌入式开发技术) |
| ISBN 978-7-302-21157-0:CNY50.00 |
| 本书全面深入地介绍了Windows Embedded CE 6.0开发环境,通过一系列的示例练习揭示了CE 6.0概述和开发工具、可用资源,以及调试和调试工具。程序开发部分介绍了CE 6.0的原生代码应程序.C#应用程序、VB应用程序、自启动应用程序,以及定制UI。项目开发部分主要介绍了瘦客户端应用程序、家庭自动化控制应用、RFID安全访问、机器人应用,Windows网络投影仪,以及CE 6.0设备的构建和部署过程。 |
| ● |
| 相关链接 |
|
|
|
正题名:Windows CE 6.0嵌入式高级编程
索取号:TP316.7/F430
 
预约/预借
| 序号 | 登录号 | 条形码 | 馆藏地/架位号 | 状态 | 备注 |
| 1 | 1034354 | 210343546 | 自科库301/301自科库 57排7列4层/ [索取号:TP316.7/F430] | 在馆 | |
| 2 | 1034355 | 210343555 | 自科库301/301自科库 57排7列4层/ [索取号:TP316.7/F430] | 在馆 | |
| 3 | 1034356 | 210343564 | 自科二线404/301自科库 51排7列2层/ [索取号:TP316.7/F430] | 在馆 |